=LDR 00000nam 2200000 4500 =001 INLIS000000000058995 =005 20211018110548 =035 ##$$a 0010-1021000443 =007 ta =008 211018###########################0###### =082 ##$$a 324. 072 =084 ##$$a 324. 072 Nus p =245 1#$$a Pedoman teknis pencalonan : $b Pemilihan Gubernur dan Wakil Gubernur Nusa Tenggara Barat tahun 2018 =300 ##$$a v, 240 halaman : $b Ilustrasi ; $c 21 em =600 #4$$a Pemilihan Umum NTB-Gubernur-Juknis =264 ##$$a Mataram :$b Komisi Pemilihan Umum, Nusa Tenggara Barat,$c 2018 =336 ##$$a Teks$2 rdacontent =337 ##$$a Buku$2 rdamedia =338 ##$$a Lain - lain$2 rdacarrier =990 ##$$a 21672167 =990 ##$$a 21672167 =990 ##$$a 21672167 =990 ##$$a 210/50/2021 =990 ##$$a 3202102167 =990 ##$$a 3202102168 =990 ##$$a 210/50/2021 =990 ##$$a 3202102167 =990 ##$$a 210/50/2021 =990 ##$$a 210/50/2021 =990 ##$$a 210/50/2021 =990 ##$$a 210/50/2021